সাধারণ জ্ঞান : (Record no. 7759)
[ view plain ]
| 000 -LEADER | |
|---|---|
| fixed length control field | 00681nam a22002057a 4500 |
| 001 - CONTROL NUMBER | |
| JCCL Control Number | 7759 |
| 003 - CONTROL NUMBER IDENTIFIER | |
| JCCL marc code | BD-JhCC |
| 005 - DATE AND TIME OF LATEST TRANSACTION | |
| control field | 20180329103853.0 |
| 008 - FIXED-LENGTH DATA ELEMENTS--GENERAL INFORMATION | |
| fixed length control field | 180213s1978 |||| |||| 00| 0 d |
| 035 ## - SYSTEM CONTROL NUMBER | |
| system control number | (BD-JhCC)7759 |
| 040 ## - CATALOGING SOURCE | |
| Original cataloging agency | BD-JhCC |
| Modifying agency | BD-JhCC |
| 041 ## - LANGUAGE CODE | |
| Language code of Book | eng |
| 082 ## - DEWEY DECIMAL CLASSIFICATION NUMBER | |
| Classification number | 001 |
| Author mark and Year | BOR 1978 |
| 100 ## - MAIN ENTRY--PERSONAL NAME | |
| Personal name | বড়াল, এ |
| 245 ## - TITLE STATEMENT | |
| Title | সাধারণ জ্ঞান : |
| Remainder of title | দৈনন্দিন বিজ্ঞান ও চলতি ঘটনা / |
| Statement of responsibility, etc | এ বড়াল |
| 260 ## - PUBLICATION, DISTRIBUTION, ETC. (IMPRINT) | |
| Place of publication, distribution, etc | ঢাকা : |
| Name of publisher, distributor, etc | বড়াল প্রকাশনী, |
| Date of publication, distribution, etc | ১৯৭৮. |
| 300 ## - PHYSICAL DESCRIPTION | |
| Pagination | ৬৭১ পৃ. : |
| Dimensions | ২১ সেমি. |
| 650 ## - SUBJECT ADDED ENTRY--TOPICAL TERM | |
| Topical term or geographic name as entry element | General Knowledge |
| 942 ## - ADDED ENTRY ELEMENTS (KOHA) | |
| Source of classification or shelving scheme | Dewey Decimal Classification |
| Koha item type | Books |
| Source of classification or shelving scheme | Damaged status | Not for loan | Home library | Current library | Shelving location | Date of accession | Cost, normal purchase price | Total Checkouts | Full call number | Barcode | Date last seen | Copy number | Koha item type |
|---|---|---|---|---|---|---|---|---|---|---|---|---|---|
| Dewey Decimal Classification | JCC Rouf Library | JCC Rouf Library | General Stacks | 02/13/2018 | 32.00 | 001 BOR 1978 | 10311 | 02/13/2018 | C - 1 | Books |